Online
Catalog
Normal view MARC view

Entry Nombre de reunión

Number of records used in: 1

001 - NÚMERO DE CONTROL

  • campo de control: 38283

003 - IDENTIFICADOR DEL NÚMERO DE CONTROL

  • campo de control: OSt

005 - FECHA Y HORA DE LA ÚLTIMA TRANSACCIÓN

  • campo de control: 20200615033640.0

008 - DATOS DE LONGITUD FIJA

  • campo de control de longitud fija: 200615|| aca||aabn | a|a d

040 ## - FUENTE DE LA CATALOGACIÓN

  • Centro catalogador/agencia de origen: OSt
  • Centro/agencia transcriptor: OSt

111 ## - ENCABEZAMIENTO--NOMBRE DE CONGRESO/REUNIÓN

  • Nombre de congreso/reunión o jurisdicción como elemento de entrada: Consulta latinoamericana sobre rehabilitación social de impedidos físicos y organización de servicios de rehabilitación
  • Fecha del congreso/reunión: (1976 sept. - oct. 26-3 :
  • Sede del congreso/Lugar de la reunión: La Romana)

670 ## - FUENTE DE DATOS ENCONTRADOS

  • Cita de la fuente: Work cat.: (OSt)17059: Consulta latinoamericana sobre rehabilitación social de impedidos físicos y organización de servicios de rehabilitación (1976 sept. - oct. 26-3 : La Romana), Consulta latinoamericana sobre rehabilitación social de impedidos físicos y organización de servicios de rehabilitación., 1977.

Powered by Koha